Statistiken für Größte deutsche Städte ohne Profifußballverein

Klicken Sie hier um das Quiz zu spielen!

Allgemein

  • Dieses Quiz wurde 125 mal gespielt
  • Das Durchschnittsergebnis liegt bei 12 aus 18

Antwortstatistiken

EinwohnerAntwortBundesland% Korrekt
336.465BonnNordrhein-Westfalen
85%
185.750PotsdamBrandenburg
85%
214.969ErfurtThüringen
80%
358.876WuppertalNordrhein-Westfalen
78%
204.202KasselHessen
76%
248.563ChemnitzSachsen
75%
210.824OberhausenNordrhein-Westfalen
75%
252.136AachenNordrhein-Westfalen
68%
162.273HeidelbergBaden-Württemberg
67%
180.849HammNordrhein-Westfalen
63%
228.426KrefeldNordrhein-Westfalen
63%
172.830OldenburgNiedersachsen
61%
189.783HagenNordrhein-Westfalen
60%
157.368HerneNordrhein-Westfalen
58%
174.265LudwigshafenRheinland-Pfalz
58%
160.643SolingenNordrhein-Westfalen
53%
154.139NeussNordrhein-Westfalen
44%
172.404Mülheim an der RuhrNordrhein-Westfalen
30%

Verteilung der Resultate

Perzentil nach korrekt beantworteten Fragen

Anzahl Personen mit jedem Resultat

Ihre Resultats-Entwicklung

Sie haben dieses Quiz noch nicht gespielt